000
00322 a2200133 4500
000
nam a22 7a 4500
100
_a
Jaat, Kamlesh
110
_a
Jaat, Kamlesh
245
_a
Badhir badhirta our sampreshan vikalp
250
_a
Latest edition
260
_b
V R Books
_c
2025
264
_b
V R Books
_c
2025
942
_c
BK
999
_c
393822
_d
393822